000 00514 a2200193 4500
001 130770
020 _a85-02-01986-4
040 _cLeonardo Da Vinci
041 _aPortuguês
082 _ar343.04 J42d
_bJ42d
100 _aJARDIM, Eduardo Marcial Ferreira
245 _aDicionário jurídico tributário
250 _a2.ed
260 _bSaraiva
_c1996
_aSão Paulo
300 _a170
362 _a19960000
697 _aReferência
_aDicionário
_aDireito
_aDireito tributário
_aBrasil
_aFIPEN
942 _cBK
999 _c130770
_d130770